000 00343nam a2200133Ia 4500
008 151001s9999||||xx |||||||||||||| ||und||
100 _aअभय परांजपे
245 _aअविश्वसनीय
250 _a1
260 _bगिता एजन्सी
260 _c2003
300 _a181
365 _b18
999 _c984017
_d984014